Statystyki dla Napisz Podane Kraje Po Angielsku (Kraje Europy)

Kliknij tutaj aby rozwiązać quiz!

Ogólne statystyki

  • Ten quiz został rozwiązany 640 razy
  • Średni wynik to 12 z 15

Statystyki odpowiedzi

HintOdpowiedź% Poprawnych
PolskaPoland
100%
RosjaRussia
96%
NiemcyGermany
95%
WlochyItaly
93%
FrancjaFrance
92%
PortugaliaPortugal
88%
HiszpaniaSpain
88%
UkrainaUkraine
85%
GrecjaGreece
81%
EstoniaEstonia
77%
ChorwacjaCroatia
75%
Wielka BrytaniaUnited Kingdom
73%
BułgariaBulgaria
72%
Macedonia PółnocnaNorth Macedonia
66%
LitwaLithuania
59%

Rozkład punktacji

Percentyl według liczby udzielonych odpowiedzi

Procent ludzi z każdym wynikiem

Twoja historia wyników

Nie rozwiązałeś tego quizu